00703nam a22001457a 4500003000400000020001800004082001400022100001500036245003700051260003200088300000900120653040000129942001300529999001500542SGT a9788121926140 a547, BAH  aBAHL ARUN  aA TEXTBOOK OF ORGANIC CHEMISTRY  aNEW DELHI bS. CHAND c2014 a1073 a Getting Started, Purification Of Organic Compounds, Composition Of Organic Compounds, Empirical And Molecular Formulae, Structure Of Organic Molecules, Organic Reaction And Their Mechanism, Isomerism, Nomenclature Of Organic Compounds, Spectroscop, Alkanes.........Vitamins, Steroids And Antibiotics, Predicting Trends, Road Map Problems, Multistep Synthesis, Multiple Choice Questions  2ddccFPS c9229d9229